00800nam a22002172a 450000100060000000300080000600500170001400800410003103500190007204000230009104100080011408200180012224500640014026000370020430000430024150001060028450400190039050500990040965100190050870000550052726720BD-RJUL20211209051046.0140323m19579999ii bf b 001 0 eng d a(BD-RJUL)26791 aDLCcMNBdEQObeng aeng a954bNIC 195712aA comprehensive history of India /c K. A. Nilakanta Sastri aBombay :bOrient Longmans,c1957 a918 p. :bplates, fold. maps. ;c24 cm aVol. 2: Published under the auspices of the Indian History Congress and the Bharatiya Itihas Parishad aincludes index0 av. 2. The Mauryas & Satavahanas, 325 B.C.-300 A.D -- v. 5. The Delhi Sultanat (A.D. 1206-1526) 0aIndiaxHistory aSastri, Nilakanta K. A.q(Kallidaikurichi Aiyah),